00254 a2200121 4500001000700000020000600007040001100013100002700024240003200051245002700083362000900110440001300119160360 a  cMagnum aTelles, Carlos Queiroz10aTem bicho no parquinholpor10aTem bicho no parquinho0 a1899 1aScipione